Atlas del cáncer en España / (Record no. 27272)

MARC details
000 -LEADER
campo de control de longitud fija 00799nam a2200205 i 4500
001 - NÚMERO DE CONTROL
campo de control 27272
003 - IDENTIFICADOR DE NÚMERO DE CONTROL
campo de control ES-MaACL
005 - FECHA Y HORA DE LA ÚLTIMA TRANSACCIÓN
campo de control 20230906153605.0
007 - CAMPO FIJO DE DESCRIPCIÓN FÍSICA--INFORMACIÓN GENERAL
campo de control de longitud fija t|
008 - DATOS DE LONGITUD FIJA--INFORMACIÓN GENERAL
campo de control de longitud fija 030114s1984 sp ||||1| spa d
245 00 - MENCIÓN DEL TÍTULO
Título Atlas del cáncer en España /
Mención de responsabilidad, etc. editores, Gonzalo López-Abente, Antonio Escolar, Manuel Errezola.
260 ## - PUBLICACIÓN, DISTRIBUCIÓN, ETC.
Lugar de publicación, distribución, etc. Vitoria :
Nombre del editor, distribuidor, etc. Gonzalo López-Abente, etc,
Fecha de publicación, distribución, etc. 1984.
300 ## - DESCRIPCIÓN FÍSICA
Extensión 207 p. :
Otras características físicas il. ;
Dimensiones 24 cm.
500 ## - NOTA GENERAL
Nota general Edición patrocinada por la Consejería de Salud y Bienestar Social de la Comunidad de Madrid.
700 1# - ENTRADA AGREGADA--NOMBRE PERSONAL
Nombre de persona López-Abente Ortega, Gonzalo.
9 (RLIN) 73380
700 1# - ENTRADA AGREGADA--NOMBRE PERSONAL
Nombre de persona Escolar, Antonio.
9 (RLIN) 47600
700 1# - ENTRADA AGREGADA--NOMBRE PERSONAL
Nombre de persona Errezola, Manuel.
9 (RLIN) 47433
710 1# - ENTRADA AGREGADA--NOMBRE DE ENTIDAD CORPORATIVA
Nombre de entidad corporativa o nombre de jurisdicción como elemento de entrada Madrid (Comunidad Autónoma).
Unidad subordinada Consejería de Salud y Bienestar Social.
9 (RLIN) 5607
852 ## - LOCALIZACIÓN
Ubicación ES-MaACL
Número de control de estantería L-9394
Sublocalización o colección R.111152
Holdings
Estatus retirado Estado de pérdida Estado de daño No para préstamo Biblioteca de origen Biblioteca actual Ubicación en estantería Fecha de adquisición Fuente de adquisición Total de préstamos Signatura topográfica completa Código de barras Visto por última vez Precio de reemplazo Tipo de ítem Koha
        Biblioteca del Ateneo de Madrid Biblioteca del Ateneo de Madrid Depósito 2 17/01/2008     L-9394 1028149 23/02/2023 23/02/2023 Libro impreso